TFT Objet - Artéfactes, Objets de Soutien - Statistiques

Statistiques générales
  • Ce quiz a été pris 6 fois
  • Le résultat moyen est 13 sur 45
Statistiques - réponses
% Correct
Canon ultrarapide
67%
Poiscaille
67%
Blason de Zeke
50%
Collecteur d'or
50%
Force de l'infini
50%
Lame du parieur
50%
Paradoxe de Zhonya
50%
Portail de ZZ'Rot
50%
Tempête de Luden
50%
Visage de l'âme
50%
Aube de Haut-Lac-d'argent
33%
Au bout du rouleau
33%
Concentration du sniper
33%
Concentration lointaine
33%
Couperet d'obsidienne
33%
Égide de la légion
33%
Fiel
33%
Griffe du rôdeur
33%
Joyau putréfiant
33%
Linceul d'apaisement
33%
Médaillon d'excitation
33%
Présage de Randuin
33%
Protège-bras du savant
33%
Voile de la banshee
33%
Blason des Lightshield
17%
Calice de puissance
17%
Désespoir infini
17%
Fléau de liche
17%
Fracasse-coque
17%
Gemme trop grosse
17%
Maille du magnat
17%
Médaillon de l'Iron Solari
17%
Miroir de l’illusionniste
17%
Mouffle
17%
Refus de la mort
17%
Régénérateur de pierre de lune
17%
Sabre spectral
17%
Talisman de l'ascension
17%
Trench-coat suspect
17%
Zéphyr
17%
Bracelet de feu mortel
0%
Coffre au trésor instable
0%
Flamme éternelle
0%
Mazanane
0%
Vertu du martyr
0%
Aucun quiz correspondant
Distribution des résultats
% des personnes avec chaque résultat
Percentile par nombre de réponses
Votre historique - résultats
Vous n’avez pas pris ce quiz